Cirque du Soleil currently active shows - Statistics

General Stats
  • This quiz has been taken 34 times
  • The average score is 11 of 20
Answer Stats
Hint Answer % Correct
Plunge into an aquatic world of acrobatics and lyrical theatre O
83%
All you need is this show. Celebrate a legendary musical legacy The Beatles LOVE
83%
An electrifying tribute to the King Michael Jackson ONE
75%
Enter this empire. An epic adventure of love and conflict
71%
Crawl inside a world teeming with colourful insects OVO
71%
Join this parade! A festive celebration of the life of a clown Corteo
67%
Unravel the mysteries of this high-energy Cirque du Soleil classic Mystère
67%
Enter this burlesque cabaret. The sensual side of Cirque du Soleil Zumanity
67%
Visit this island, ruled by goddesses and guided by the cycles of the moon Amaluna
63%
This show takes you to an imaginary Mexico, like in a waking dream, where light quenches the spirit and rain soothes the soul LUZIA
63%
Clown around with the showmanship and slapstick of a traditional circus KOOZA
58%
A breakthrough ice experience where world-class ice skating and unexpected acrobatics fuse to create the first on-ice experience from Cirque du Soleil Crystal
54%
What if you could alter reality at will? Delve into a world where seeing is disbelieving KURIOS – Cabinet of Curiosities
50%
The story of mankind's evolution found somewhere between science and legend TOTEM
46%
A thrilling, whimsical show in which joy, courage and friendship conquer all JOYÀ
42%
This show envisions a world beyond imagination thousands of years before the events depicted in the film TORUK - The First Flight
33%
A spellbinding story about the freedom to choose and the thrill of blazing your own trail VOLTA
33%
Discover the new breed of magic! Criss Angel MINDFREAK® LIVE!
25%
Discover more about the production inspired by the music and history of Soda Stereo SEP7IMO DIA – No Descansaré
21%
Tribute to this band - Cirque du Soleil event presented in Trois-Rivières at Amphitheatre Cogeco Série Hommage - Les Colocs
4%
No matching quizzes found
Score Distribution
Percent of People with Each Score
Percentile by Number Answered
Your Score History
You have not taken this quiz